FC 25 TOTW 25 - Statistics

General Stats
  • This quiz has been taken 2 times
  • The average score is 7 of 23
Answer Stats
rat pos club player % Correct
TOTW 87 CB FC Barcelona Ronald Araújo
100%
TOTW 88 LM Chelsea Christopher Nkunku
50%
TOTW 87 CM Paris Saint-Germain Désiré Doué
50%
TOTW 87 CAM Liverpool Dominik Szoboszlai
50%
TOTW 88 CDM Bayer Leverkusen Granit Xhaka
50%
TOTW 87 ST Al-Ahli Ivan Toney
50%
TOTW 85 CDM Real Betis Johnny Cardoso
50%
TOTW 87 LM Lazio Mattia Zaccagni
50%
TOTW 85 RB Fenerbahçe Mert Müldür
50%
TOTW 87 ST AS Monaco Mika Biereth
50%
TOTW 87 RM Bologna Riccardo Orsolini
50%
TOTW 85 LB Fiorentina Robin Gosens
50%
TOTW 85 ST RB Salzburg Adam Daghim
0%
TOTW 85 ST Shandong Taishan Cryzan
0%
TOTW 85 CB Motherwell Dan Casey
0%
TOTW 85 LM Le Havre Issa Soumaré
0%
TOTW 85 RW Arminia Bielefeld Joel Grodowski
0%
TOTW 85 CM Montpellier Féminines Judith Coquet
0%
TOTW 85 GK VfL Wolfsburg Marius Müller
0%
TOTW 88 ST Man United Women Melvine Malard
0%
TOTW 85 RM Go Ahead Eagles Oliver Antman
0%
TOTW 85 ST Philadelphia Union Tai Baribo
0%
TOTW 85 LW Anderlecht Thorgan Hazard
0%
No matching quizzes found
Score Distribution
Percent of People with Each Score
Percentile by Number Answered
Your Score History
You have not taken this quiz